Names of Sprees and Multikills in Halo - Statistics

General Stats
  • This quiz has been taken 34 times
  • The average score is 8 of 17
Answer Stats
Hint Answer % Correct
2 kills Double Kill
90%
3 kills Triple Kill
90%
Spree of 5 Killing Spree
84%
7 kills Killamanjaro
71%
5 kills Killtacular
68%
4 kills Overkill
65%
Spree of 15 Running Riot
61%
10 kills Killionaire
58%
Spree of 10 Killing Frenzy
52%
6 kills Killtrocity
42%
9 kills Killpocalypse
35%
8 kills Killtastrophe
32%
Spree of 20 Rampage
29%
Spree of 30 Boogeyman
19%
Spree of 40 Demon
19%
Spree of 35 Grim Reaper
16%
Spree of 25 Nightmare
13%
No matching quizzes found
Score Distribution
Percent of People with Each Score
Percentile by Number Answered
Your Score History
You have not taken this quiz